O postrojenii teorii metrologičeskoj nadežnosti sredstv izmerenij

Bibliographic Details
Main Author: Fridman, A. E. (Author)
Format: Article
Language:Russian
Slovak
PhysicalDescription:Lit. 3 zázn. v ruš.
Subjects:

MARC

LEADER 00000nab a2200000 a 4500
001 vtls000448057
003 SK-MaSNL
005 20260318122104.0
008 120926c1990 xo 0 rus
015 |a SNBRA19rr/mm-uuuuu 
035 |a CL0448188 
040 |a SNKBUCL  |b slo  |c SNKBUCL  |e AACR2 
041 0 |a slo 
044 |a xo  |c SK 
080 |a 53.089.6:519.248  |2 1981 
080 |a 519.248  |2 1981 
080 |a 389.14  |2 1981 
100 1 |a Fridman, A. E.  |4 aut  |9 1371747 
245 1 0 |a O postrojenii teorii metrologičeskoj nadežnosti sredstv izmerenij  |c A. E. Fridman 
300 |b Lit. 3 zázn. v ruš. 
650 0 7 |a meracie prístroje  |2 snkbucl  |9 883 
650 0 7 |a spoľahlivosť metrologická  |2 snkbucl  |9 972123 
655 7 |a články zo zborníkov  |2 snkbucl  |9 166140 
773 0 |t INSYMET 90  |d Bratislava : Dom techniky, 1990 
850 |a Slovenská národná knižnica v Martine  |a MTA001 
852 |a SNK  |b KIS3GCP 
958 |a RK 
992 |a RZB 
999 |c 3005698  |d 3007628